[Event "POL-ch Blitz U18"]
[Site "Bydgoszcz"]
[Date "2023.08.31"]
[Round "2"]
[White "Bury, Marcel"]
[Black "Tyszka, Kacper"]
[Result "0-1"]
[WhiteElo "1426"]
[BlackElo "1125"]
[PlyCount "28"]
[EventDate "2023.08.28"]
[EventType "swiss"]
[EventRounds "10"]
[EventCountry "POL"]
[SourceTitle "CBM 216 Extra"]
[Source "ChessBase"]
[SourceDate "2023.11.30"]
[SourceVersion "1"]
[SourceVersionDate "2023.11.30"]
[SourceQuality "1"]

1. e4 e5 2. Nf3 Nc6 3. d4 exd4 4. Bc4 Bc5 5. c3 h6 6. cxd4 Bb4+ 7. Nc3 d6 8. 0-0 Nf6 9. Re1 0-0 10. h3 Re8 11. Qc2 a6 12. Bd2 Na5 13. Bd3 Nc6 14. Rad1 Bxc3 0-1

[Event "POL-ch Rapid U18"]
[Site "Bydgoszcz"]
[Date "2023.08.30"]
[Round "7"]
[White "Czech, Franciszek"]
[Black "Tyszka, Kacper"]
[Result "1-0"]
[WhiteElo "1514"]
[BlackElo "1135"]
[PlyCount "53"]
[EventDate "2023.08.28"]
[EventType "swiss"]
[EventRounds "11"]
[EventCountry "POL"]
[SourceTitle "CBM 216 Extra"]
[Source "ChessBase"]
[SourceDate "2023.11.30"]
[SourceVersion "1"]
[SourceVersionDate "2023.11.30"]
[SourceQuality "1"]

1. e4 e5 2. Nf3 Nc6 3. Bc4 Bc5 4. b4 Bxb4 5. c3 Bc5 6. d4 exd4 7. cxd4 Bb4+ 8. Bd2 Bxd2+ 9. Nbxd2 d6 10. 0-0 Bg4 11. Qb3 Na5 12. Bxf7+ Ke7 13. Qa4 Kxf7 14. Qxa5 c6 15. Qb4 Rb8 16. e5 dxe5 17. Nxe5+ Kf6 18. Rae1 Be6 19. Qc3 Qd6 20. Qf3+ Bf5 21. g4 g6 22. gxf5 gxf5 23. Qh5 Ne7 24. Qf7+ Kg5 25. f4+ Kh4 26. Ndf3+ Kh3 27. Qh5# 1-0